[Event "European Team Championship"]
[Site "Reykjavik ISL"]
[Date "2015.11.14"]
[EventDate "2015.11.13"]
[Round "2.18"]
[Result "1-0"]
[White "Jure Skoberne"]
[Black "Andrew Burnett"]
[WhiteElo "2544"]
[BlackElo "2234"]
[PlyCount "61"]

1. d4 Nf6 2. c4 g6 3. g3 c5 4. Nf3 cxd4 5. Nxd4 Bg7 6. Bg2 Nc6
7. O-O h5 8. h3 h4 9. g4 Qc7 10. Nb5 Qb8 11. f4 a6 12. N5c3 d6
13. Be3 e5 14. Nd2 Nd4 15. fxe5 dxe5 16. Bg5 Nh7 17. Bxh4 Bh6
18. Nd5 Be6 19. e3 Bxd5 20. Bxd5 Bxe3+ 21. Kg2 Bf4 22. Qa4+
Nc6 23. Qa3 f6 24. Ne4 g5 25. Bf2 Qc7 26. Nd6+ Kd7 27. c5 Nf8
28. Rad1 Ng6 29. Be4 Nh4+ 30. Bxh4 Nd4 31. Bf2 1-0

[Event "European Team Championship"]
[Site "Reykjavik ISL"]
[Date "2015.11.14"]
[EventDate "2015.11.13"]
[Round "2.13"]
[Result "1/2-1/2"]
[White "Sabino Brunello"]
[Black "Arturs Neiksans"]
[WhiteElo "2562"]
[BlackElo "2602"]
[PlyCount "96"]

1. d4 Nf6 2. c4 e6 3. g3 d5 4. Nf3 Bb4+ 5. Bd2 Bd6 6. Bg2 Nbd7
7. O-O c6 8. Qc2 O-O 9. Bg5 h6 10. Bxf6 Qxf6 11. Nbd2 Bc7
12. e4 dxe4 13. Nxe4 Qe7 14. Rfe1 Rd8 15. Rad1 Nf8 16. h4 f6
17. a3 Rb8 18. b4 e5 19. dxe5 Rxd1 20. Qxd1 fxe5 21. c5 Bg4
22. Nd6 Nd7 23. Qb3+ Be6 24. Qd3 Bxd6 25. cxd6 Qf6 26. Qe3 Rf8
27. Nxe5 Nxe5 28. Qxe5 Qxf2+ 29. Kh1 Bg4 30. Rf1 Qe2 31. Rxf8+
Kxf8 32. Qxe2 Bxe2 33. Bh3 g5 34. hxg5 hxg5 35. Be6 Bf3+
36. Kg1 Bd5 37. Bf5 b6 38. Kf2 c5 39. bxc5 bxc5 40. Ke3 Kf7
41. Kd2 Kf6 42. Kc3 Kf7 43. Bg4 Kf6 44. Bh3 Kf7 45. Bf5 Kf6
46. Bg4 Kf7 47. Kd3 Kf6 48. Kc3 Ke5 1/2-1/2

[Event "European Team Championship"]
[Site "Reykjavik ISL"]
[Date "2015.11.14"]
[EventDate "2015.11.13"]
[Round "2.15"]
[Result "1/2-1/2"]
[White "Perparim Makoli"]
[Black "Margeir Petursson"]
[WhiteElo "2223"]
[BlackElo "2520"]
[PlyCount "94"]

1. e4 c5 2. Nf3 d6 3. d4 cxd4 4. Nxd4 Nf6 5. Nc3 g6 6. Be3 Bg7
7. f3 O-O 8. Qd2 Nc6 9. Bc4 Bd7 10. Bb3 Rc8 11. O-O-O Ne5
12. h4 h5 13. Bh6 Nc4 14. Bxc4 Rxc4 15. Bxg7 Kxg7 16. Kb1 a6
17. Nde2 Qa5 18. Nf4 Qe5 19. Ncd5 Nxd5 20. Nxd5 Re8 21. Ne3
Rc5 22. Qd4 Be6 23. Rhe1 Rec8 24. c3 Ra5 25. a3 f6 26. Qxe5
fxe5 27. Kc2 Rac5 28. Kd3 Bb3 29. Rd2 Rf8 30. Ke2 Kf7 31. Rc1
Ke6 32. Rg1 Rh8 33. Ke1 Rcc8 34. Nd1 Rcg8 35. Kf2 Kd7 36. Ne3
b5 37. Nd5 Rf8 38. Ke3 a5 39. Kf2 Rf7 40. Rc1 e6 41. Ne3 Rc8
42. Nc2 Bxc2 43. Rdxc2 Rc4 44. Ke2 a4 45. Rd2 Kc7 46. Rg1 Rh7
47. Ke3 Kd7 1/2-1/2

[Event "European Team Championship"]
[Site "Reykjavik ISL"]
[Date "2015.11.14"]
[EventDate "2015.11.13"]
[Round "2.15"]
[Result "1/2-1/2"]
[White "Fridrik Olafsson"]
[Black "Bedri Sadiku"]
[WhiteElo "2392"]
[BlackElo "2197"]
[PlyCount "87"]

1. Nf3 g6 2. e4 Bg7 3. d4 d6 4. Bc4 Nf6 5. Qe2 O-O 6. O-O c6
7. Bb3 Bg4 8. Nbd2 e5 9. dxe5 dxe5 10. Nc4 Nbd7 11. Bg5 h6
12. Bd2 Qe7 13. h3 Bxf3 14. Qxf3 b5 15. Na5 Rfc8 16. Rad1 Nf8
17. Qe2 Ne6 18. Bxe6 Qxe6 19. c4 a6 20. Bc3 Nh5 21. Qg4 Qxg4
22. hxg4 Nf4 23. Rfe1 Ne6 24. Rd6 b4 25. Bd2 c5 26. Rd5 Rc7
27. Rd1 Kf8 28. Be3 Ke8 29. g3 g5 30. R1d2 f6 31. Kf1 Bf8
32. Ke2 Be7 33. Rd1 Rac8 34. Kd3 Ra8 35. Kc2 Rac8 36. Rh1 Bf8
37. Kb3 Ra7 38. Ka4 Rac7 39. Nb3 Rc6 40. Na5 R6c7 41. Rhd1 Ra8
42. Nb3 Be7 43. Nc1 Rc6 44. Nd3 1/2-1/2

[Event "European Team Championship"]
[Site "Reykjavik ISL"]
[Date "2015.11.14"]
[EventDate "2015.11.13"]
[Round "2.1"]
[Result "1/2-1/2"]
[White "Sergei Movsesian"]
[Black "Romain Edouard"]
[WhiteElo "2666"]
[BlackElo "2632"]
[PlyCount "131"]

1. e4 c5 2. Nf3 d6 3. d4 cxd4 4. Nxd4 Nf6 5. Nc3 g6 6. Be3 Bg7
7. f3 Nc6 8. Qd2 O-O 9. O-O-O d5 10. exd5 Nxd5 11. Nxc6 bxc6
12. Bd4 Bxd4 13. Qxd4 Qb6 14. Na4 Qc7 15. Bc4 Rd8 16. g3 Bf5
17. Bb3 Nb6 18. Qc5 Rd6 19. Nc3 Nd7 20. Qe3 Nf8 21. Rhe1 Rxd1+
22. Rxd1 Be6 23. Ba4 Nd7 24. Bb3 Nf8 25. Na4 Bxb3 26. Qxb3 Ne6
27. Qc4 Rb8 28. f4 Rb5 29. Nc3 Rb8 30. b3 Rd8 31. Rxd8+ Nxd8
32. Nd5 Qb7 33. Nb4 Qb6 34. Kb2 h5 35. Nd3 Ne6 36. Ne5 c5
37. Qd5 Kg7 38. Nc4 Qd8 39. Qxd8 Nxd8 40. Kc3 Kf6 41. Kd3 Ke6
42. c3 Kd5 43. b4 cxb4 44. cxb4 f6 45. a4 Nf7 46. Ne3+ Kc6
47. f5 Ne5+ 48. Ke4 g5 49. h4 Kd6 50. Nf1 e6 51. Ne3 Nc6
52. g4 gxh4 53. gxh5 Ne5 54. Kf4 Nf7 55. fxe6 Kxe6 56. Kg4 Ke5
57. b5 Kd4 58. Nf1 Nh6+ 59. Kxh4 Kc5 60. Ne3 Kb4 61. Nd5+ Kxa4
62. Nxf6 Nf7 63. Kg4 Kxb5 64. Kf4 a5 65. Ke3 a4 66. Kd2
1/2-1/2

[Event "European Team Championship"]
[Site "Reykjavik ISL"]
[Date "2015.11.14"]
[EventDate "2015.11.13"]
[Round "2.1"]
[Result "1/2-1/2"]
[White "Etienne Bacrot"]
[Black "Hrant Melkumyan"]
[WhiteElo "2686"]
[BlackElo "2632"]
[PlyCount "99"]

1. e4 e5 2. Nf3 Nc6 3. Bb5 a6 4. Ba4 Nf6 5. O-O Be7 6. d3 b5
7. Bb3 O-O 8. Nc3 d6 9. a3 Rb8 10. Be3 Na5 11. Ba2 c5 12. Nd5
c4 13. Nxe7+ Qxe7 14. Qe1 Qc7 15. b4 cxb3 16. cxb3 Be6 17. Rc1
Nc6 18. Ng5 Qd7 19. Nxe6 fxe6 20. b4 Rbc8 21. Qe2 h6 22. h3
Kh8 23. Rc2 Ne7 24. Bb3 Rxc2 25. Qxc2 Rc8 26. Qb2 Ng6 27. g3
d5 28. Rc1 Rc6 29. Qb1 Qc8 30. exd5 exd5 31. Rxc6 Qxc6 32. Qc1
Qd7 33. Kg2 d4 34. Bd2 e4 35. dxe4 Nxe4 36. f3 Nxd2 37. Qxd2
Ne5 38. Qe2 Nc4 39. Bxc4 bxc4 40. Qxc4 d3 41. Qc1 d2 42. Qd1
Qd4 43. Kf1 Qe3 44. a4 Qd3+ 45. Kf2 Qd4+ 46. Ke2 Qxb4 47. g4
Qc3 48. h4 a5 49. h5 Kg8 50. Qxd2 1/2-1/2

[Event "European Team Championship"]
[Site "Reykjavik ISL"]
[Date "2015.11.14"]
[EventDate "2015.11.13"]
[Round "2.2"]
[Result "1/2-1/2"]
[White "Luke McShane"]
[Black "Levan Pantsulaia"]
[WhiteElo "2687"]
[BlackElo "2567"]
[PlyCount "130"]

1. e4 c5 2. Nf3 e6 3. d4 cxd4 4. Nxd4 a6 5. Bd3 Nf6 6. O-O e5
7. Bg5 h6 8. Bxf6 Qxf6 9. Ne2 Bc5 10. Nbc3 d6 11. Nd5 Qd8
12. c3 O-O 13. Kh1 Be6 14. Bc2 Nd7 15. Bb3 Qh4 16. Ng3 g6
17. Nc7 Bg4 18. f3 Rac8 19. Nxa6 bxa6 20. fxg4 Nf6 21. h3 Kg7
22. Qf3 Rb8 23. Rae1 Rb7 24. Re2 Rfb8 25. Rd1 a5 26. Rdd2 Qg5
27. Bd1 a4 28. Kh2 Ra7 29. b4 axb3 30. Bxb3 Rxb3 31. axb3 Ra1
32. Rf2 Re1 33. Rf1 Re3 34. Qxf6+ Qxf6 35. Rxf6 Kxf6 36. b4
Ba7 37. Rxd6+ Ke7 38. Ra6 Bb8 39. c4 Rb3 40. b5 Bd6 41. h4 Rc3
42. Rc6 Kd7 43. h5 Be7 44. hxg6 fxg6 45. Rxg6 Rxc4 46. Rxh6
Bg5 47. Rc6 Rb4 48. Nf5 Rxe4 49. Rg6 Bd8 50. Kh3 Rb4 51. Rd6+
Kc7 52. Rd5 e4 53. g3 Bf6 54. Nh4 e3 55. g5 Bb2 56. Kg2 e2
57. Nf3 Re4 58. Ne1 Kb6 59. Kf3 Re6 60. Rd2 Bc1 61. Rd5 Ba3
62. Rf5 Bb4 63. Rf6 Rxf6+ 64. gxf6 Bxe1 65. Kxe2 Bxg3 1/2-1/2

[Event "European Team Championship"]
[Site "Reykjavik ISL"]
[Date "2015.11.14"]
[EventDate "2015.11.13"]
[Round "2.3"]
[Result "1-0"]
[White "Loek van Wely"]
[Black "Zdenko Kozul"]
[WhiteElo "2632"]
[BlackElo "2617"]
[PlyCount "141"]

1. d4 Nf6 2. c4 g6 3. Nc3 Bg7 4. e4 d6 5. Nf3 O-O 6. Be2 e5
7. O-O Nbd7 8. Be3 Qe7 9. Qc2 c6 10. d5 c5 11. Bg5 h6 12. Bd2
Nh5 13. g3 Nb6 14. Rab1 Bg4 15. Nh4 Bh3 16. Bxh5 gxh5 17. b3
Nc8 18. Nd1 Qd7 19. Ne3 Ne7 20. Nef5 Nxf5 21. Nxf5 Kh7 22. f4
f6 23. Rf2 Rae8 24. Re1 Rg8 25. Nh4 Bh8 26. f5 Rg4 27. Kh1
Reg8 28. Qd3 Qg7 29. Qe2 Qf7 30. Qe3 Bg7 31. Nf3 h4 32. Nxh4
Qh5 33. Ng6 b6 34. Qf3 a5 35. Qe2 Ra8 36. Rb1 Bh8 37. Qf3 Rg8
38. Kg1 Bg7 39. a3 Rb8 40. Qe2 Ra8 41. Qd1 Bh8 42. Qf3 Bg7
43. Be1 Bh8 44. Bc3 Rc8 45. Re2 Ra8 46. Kf2 Bg7 47. Bd2 Ra7
48. Bc1 Ra8 49. Ke1 Ra7 50. Kd2 Ra8 51. Kc2 Ra7 52. Rf2 Ra8
53. Kc3 Ra7 54. b4 axb4+ 55. axb4 Ra4 56. bxc5 bxc5 57. Rb7
Ra1 58. Kb2 Ra6 59. Kb1 Ra8 60. Rfb2 Rg5 61. Qxh5 Rxh5 62. Rf7
Rg8 63. Rbb7 Bg2 64. Nf8+ Kh8 65. Ne6 Bxe4+ 66. Ka1 Rxh2
67. Nxg7 Bd3 68. g4 Ra8+ 69. Ra7 Rxa7+ 70. Rxa7 Be2 71. Nh5
1-0

[Event "European Team Championship"]
[Site "Reykjavik ISL"]
[Date "2015.11.14"]
[EventDate "2015.11.13"]
[Round "2.4"]
[Result "1/2-1/2"]
[White "Francisco Vallejo Pons"]
[Black "Liviu Dieter Nisipeanu"]
[WhiteElo "2684"]
[BlackElo "2683"]
[PlyCount "132"]

1. c4 e5 2. g3 Nc6 3. Bg2 f5 4. Nc3 Nf6 5. d3 Bb4 6. Bd2 O-O
7. Nf3 d6 8. O-O a5 9. a3 Bxc3 10. Bxc3 a4 11. b4 axb3
12. Qxb3 Qe8 13. c5+ Be6 14. Qb2 Bd5 15. cxd6 cxd6 16. Qxb7
Nd4 17. Qb2 Nxf3+ 18. Bxf3 Bxf3 19. exf3 Qc6 20. Bb4 Ra6
21. Qb3+ Qd5 22. Rab1 Qxb3 23. Rxb3 Rb8 24. d4 exd4 25. Rd1
Nd5 26. Rxd4 Rb5 27. h4 Kf7 28. g4 Ke6 29. Rb2 Nxb4 30. axb4
Rc6 31. Re2+ Re5 32. Re3 fxg4 33. fxg4 Rxe3 34. fxe3 Rc2
35. Re4+ Kd7 36. Rf4 Ke6 37. Re4+ Kd7 38. Kf1 h6 39. h5 Rb2
40. Ke1 d5 41. Rd4 Ke6 42. Kd1 Ke5 43. Rf4 Ke6 44. Rd4 Ke5
45. Kc1 Re2 46. Rd3 Ke4 47. Rb3 Rxe3 48. Rxe3+ Kxe3 49. b5 Ke2
50. b6 d4 51. b7 d3 52. b8=Q d2+ 53. Kb2 d1=Q 54. Qe5+ Kf3
55. Qxg7 Qd2+ 56. Kb3 Qd3+ 57. Kb4 Qe4+ 58. Kc5 Qxg4 59. Qxh6
Qf5+ 60. Kd4 Qe4+ 61. Kc5 Qe5+ 62. Kc6 Kg4 63. Qg6+ Qg5
64. Kd6 Kh4 65. Qxg5+ Kxg5 66. h6 Kxh6 1/2-1/2

[Event "European Team Championship"]
[Site "Reykjavik ISL"]
[Date "2015.11.14"]
[EventDate "2015.11.13"]
[Round "2.4"]
[Result "1-0"]
[White "Ivan Salgado Lopez"]
[Black "Daniel Fridman"]
[WhiteElo "2615"]
[BlackElo "2627"]
[PlyCount "135"]

1. e4 e6 2. d4 d5 3. Nc3 Nf6 4. e5 Nfd7 5. f4 c5 6. Nf3 Qb6
7. Ne2 Nc6 8. c3 Be7 9. g3 O-O 10. Bh3 f5 11. g4 cxd4 12. cxd4
Qd8 13. gxf5 exf5 14. Bg2 Nb6 15. h4 h6 16. h5 Be6 17. Nc3 Rc8
18. Rh3 Bf7 19. Qd3 Qd7 20. Kf1 Nc4 21. Nh4 Nb4 22. Qd1 Rfd8
23. Ng6 Bxg6 24. hxg6 Qe6 25. Rb1 Nb6 26. Qh5 Rc4 27. Be3 Rf8
28. Bf2 Rc6 29. Qd1 Na6 30. Nb5 Ra8 31. Rc3 Qxg6 32. Rbc1 Bb4
33. R3c2 Qe8 34. Qd3 Qd7 35. Bh3 g6 36. Rxc6 bxc6 37. Nd6 Bxd6
38. Qxa6 Bf8 39. Ke2 Re8 40. Qd3 Nc8 41. Qc2 Ne7 42. Bh4 Rc8
43. Rg1 Kf7 44. Bf2 Rb8 45. Rg3 c5 46. Re3 Qb5+ 47. Kf3 Qxb2
48. Qxc5 Qxa2 49. Bf1 Qb1 50. Kg2 Qb6 51. Ra3 Rc8 52. Qxb6
axb6 53. Ra7 Rc2 54. Kg1 g5 55. Bb5 Kg8 56. Bd7 Re2 57. Rb7
Re4 58. fxg5 hxg5 59. Rxb6 Re2 60. Rf6 Kg7 61. Be6 Ng6
62. Rf7+ Kh6 63. Bxf5 Bg7 64. e6 Nh4 65. Kf1 Ra2 66. e7 Ra1+
67. Be1 Nf3 68. e8=Q 1-0

[Event "European Team Championship"]
[Site "Reykjavik ISL"]
[Date "2015.11.14"]
[EventDate "2015.11.13"]
[Round "2.4"]
[Result "1/2-1/2"]
[White "Dennis Wagner"]
[Black "Renier Vazquez Igarza"]
[WhiteElo "2575"]
[BlackElo "2565"]
[PlyCount "158"]

1. d4 Nf6 2. c4 e6 3. Nf3 b6 4. g3 Ba6 5. b3 d5 6. Bg2 Bb4+
7. Bd2 Be7 8. cxd5 exd5 9. O-O O-O 10. Nc3 Bb7 11. Rc1 Na6
12. Bf4 Re8 13. Qc2 Nh5 14. Bd2 Nf6 15. Bf4 Nh5 16. Bd2 Nf6
17. Ne5 h6 18. Nb5 c5 19. Rfd1 Bf8 20. e3 Nb8 21. Be1 a6
22. Nc3 cxd4 23. exd4 Ba3 24. Rb1 Bd6 25. Qf5 Bc8 26. Qd3 Bb7
27. Qf5 Bc8 28. Qd3 Bb7 29. Bd2 Nbd7 30. Nxd7 Qxd7 31. Na4 Qb5
32. Bf1 Qxd3 33. Bxd3 b5 34. Nc5 Bc8 35. f3 Ra7 36. Re1 Rxe1+
37. Rxe1 Kf8 38. Rc1 Ne8 39. Kf2 Ke7 40. Ba5 Ra8 41. Ra1 Nc7
42. b4 Ne6 43. Ke3 Bd7 44. Bc2 Bc6 45. Kd3 h5 46. f4 h4
47. Bd1 hxg3 48. hxg3 g5 49. Rc1 Bd7 50. Nxd7 Kxd7 51. f5 Nc7
52. Bh5 Rf8 53. Rg1 Ne8 54. Bf3 Nf6 55. Rh1 g4 56. Bg2 Bxg3
57. Rh6 Ke7 58. Bb6 Bd6 59. Bc5 Rd8 60. Rh1 Rg8 61. Ke3 g3
62. Kf3 Rg5 63. Bh3 Ne4 64. Kg2 Rg8 65. Rf1 Kf6 66. Rc1 Rc8
67. Re1 Bc7 68. a4 bxa4 69. Ra1 Nxc5 70. dxc5 a5 71. bxa5 Bxa5
72. Rxa4 Rxc5 73. Kxg3 Rc3+ 74. Kg4 Rc4+ 75. Rxc4 dxc4 76. Bf1
c3 77. Bd3 Ke5 78. Kf3 Kd4 79. Bc2 f6 1/2-1/2

[Event "European Team Championship"]
[Site "Reykjavik ISL"]
[Date "2015.11.14"]
[EventDate "2015.11.13"]
[Round "2.6"]
[Result "1-0"]
[White "Alexander Areshchenko"]
[Black "Luka Draskovic"]
[WhiteElo "2682"]
[BlackElo "2454"]
[PlyCount "87"]

1. e4 c5 2. Nf3 d6 3. d4 cxd4 4. Nxd4 Nf6 5. Nc3 a6 6. h3 e5
7. Nde2 h5 8. g3 Be6 9. Bg2 b5 10. Be3 Nbd7 11. a4 bxa4
12. Nxa4 Qc7 13. O-O Qb7 14. Nec3 Be7 15. b3 O-O 16. f4 Nc5
17. Nxc5 dxc5 18. fxe5 Rad8 19. Qe2 Nd7 20. Nd5 Nxe5 21. Qxa6
Bxd5 22. exd5 Qb4 23. Qa5 Rc8 24. Rfd1 Rfd8 25. Qxb4 cxb4
26. Rd2 Bd6 27. Kf2 Kf8 28. Bf1 Rd7 29. Ba6 Ra8 30. Ra4 Rc7
31. Bd4 Ke7 32. Be2 Rac8 33. Bxh5 Rxc2 34. Ra7+ Kf8 35. Rxc2
Rxc2+ 36. Ke3 g6 37. Be2 Rc1 38. Ra8+ Ke7 39. Ra7+ Kf8 40. Ra1
Rc2 41. Ra8+ Ke7 42. Bb5 Rg2 43. Re8+ Kf6 44. Ke4 1-0

[Event "European Team Championship"]
[Site "Reykjavik ISL"]
[Date "2015.11.14"]
[EventDate "2015.11.13"]
[Round "2.7"]
[Result "1/2-1/2"]
[White "Rauf Mamedov"]
[Black "Mads Andersen"]
[WhiteElo "2653"]
[BlackElo "2459"]
[PlyCount "91"]

1. b3 e5 2. Bb2 Nc6 3. e3 Nf6 4. Bb5 Bd6 5. Na3 Na5 6. Be2 a6
7. Nf3 Qe7 8. Qc1 c5 9. d3 Bc7 10. c4 Nc6 11. O-O d5 12. cxd5
Nxd5 13. Nc4 O-O 14. Re1 f5 15. e4 fxe4 16. dxe4 Nf4 17. Ne3
Nd4 18. Bxd4 exd4 19. Nd5 Nxd5 20. exd5 Qd6 21. Qg5 Bf5
22. Bc4 h6 23. Qe7 b5 24. Qxc7 Qxc7 25. d6+ bxc4 26. dxc7 Rac8
27. bxc4 Rxc7 28. Re5 Bd3 29. h3 Rb8 30. a3 Rb3 31. Re8+ Kh7
32. Ne5 Be2 33. f4 Rcb7 34. Rd8 Re3 35. Nd7 Rb2 36. f5 g5
37. Nxc5 Bxc4 38. Rd7+ Kg8 39. Rd8+ Kf7 40. Rd7+ Kg8 41. Rxd4
Rg3 42. Rxc4 Rgxg2+ 43. Kh1 Rh2+ 44. Kg1 Rhg2+ 45. Kf1 Rgf2+
46. Kg1 1/2-1/2

[Event "European Team Championship"]
[Site "Reykjavik ISL"]
[Date "2015.11.14"]
[EventDate "2015.11.13"]
[Round "2.7"]
[Result "0-1"]
[White "Bjorn Moller Ochsner"]
[Black "Eltaj Safarli"]
[WhiteElo "2405"]
[BlackElo "2657"]
[PlyCount "138"]

1. e4 c5 2. Nf3 Nc6 3. d4 cxd4 4. Nxd4 Qb6 5. Nb3 Nf6 6. Nc3
e6 7. Qe2 Bb4 8. Bd2 a5 9. a3 Bxc3 10. Bxc3 e5 11. O-O-O O-O
12. g4 d6 13. g5 Ne8 14. Nd2 Qc7 15. Qe3 Be6 16. Nc4 b5
17. Nb6 Rb8 18. Nd5 Bxd5 19. exd5 b4 20. dxc6 Qxc6 21. axb4
axb4 22. Bxe5 Qxh1 23. Bd3 Qg2 24. Bg3 Qc6 25. Qe7 Rb7 26. Qe2
Ra7 27. Qh5 g6 28. Qg4 Qc5 29. Kd2 Ng7 30. Ke1 Nh5 31. Kf1 Re8
32. b3 Nxg3+ 33. Qxg3 Qd4 34. Kg2 Re5 35. h4 Ra1 36. Rxa1 Qxa1
37. Qf4 Qa8+ 38. Kg3 Qb7 39. Bc4 Rf5 40. Qe3 Re5 41. Qf4 Qe7
42. Bd3 d5 43. Qd4 Qd6 44. Kg2 Re1 45. Qg4 d4 46. Qf3 Re5
47. Qf4 Re6 48. Qg4 Qd5+ 49. f3 Qe5 50. Be4 h5 51. Qg3 Qc5
52. Qf4 Qc3 53. Kh3 Qe3 54. Qb8+ Kg7 55. Qb7 Qf4 56. Qd5 Qe5
57. Qxe5+ Rxe5 58. Bd3 Re3 59. Kg2 Kf8 60. Kg3 Ke7 61. Kg2 Kd6
62. f4 Kd5 63. f5 gxf5 64. Bc4+ Ke5 65. Bxf7 Re2+ 66. Kf3 Rxc2
67. Bxh5 Rc3+ 68. Ke2 Rh3 69. g6 Kf6 0-1

[Event "European Team Championship"]
[Site "Reykjavik ISL"]
[Date "2015.11.14"]
[EventDate "2015.11.13"]
[Round "2.8"]
[Result "1-0"]
[White "Zoltan Almasi"]
[Black "Tapani Sammalvuo"]
[WhiteElo "2689"]
[BlackElo "2422"]
[PlyCount "119"]

1. e4 e5 2. Nf3 Nc6 3. Bb5 a6 4. Ba4 Nf6 5. O-O Be7 6. Re1 b5
7. Bb3 d6 8. c3 O-O 9. h3 Nb8 10. d4 Nbd7 11. Nbd2 Bb7 12. Bc2
Re8 13. Nf1 Bf8 14. Ng3 g6 15. a4 c5 16. d5 c4 17. Bg5 Nc5
18. Qd2 Be7 19. Bh6 Nfd7 20. Nh2 Nxa4 21. Bxa4 bxa4 22. Rxa4
a5 23. Ng4 Ba6 24. Be3 Bf8 25. Raa1 Bb5 26. Nh6+ Bxh6 27. Bxh6
f6 28. f4 Re7 29. Rf1 Rf7 30. f5 Nc5 31. Qe2 Bd7 32. Be3 Nd3
33. b3 Nf4 34. Qd1 cxb3 35. Qxb3 a4 36. Qb4 Qc7 37. Bb6 Qb8
38. fxg6 hxg6 39. Rfb1 Qc8 40. Be3 Bxh3 41. gxh3 Nd3 42. Qb5
Qxh3 43. Bf2 Nf4 44. Qf1 Qh4 45. Ra2 f5 46. exf5 gxf5 47. Rb4
Rh7 48. Be1 e4 49. Rab2 Rg7 50. Rb7 Rg6 51. Rh2 Qg4 52. Rbh7
Ne2+ 53. Kh1 Nxg3+ 54. Bxg3 Rf8 55. Rh8+ Kf7 56. R2h7+ Rg7
57. Rxf8+ Kxf8 58. Bxd6+ Kg8 59. Rxg7+ Kxg7 60. Qg2 1-0

[Event "European Team Championship"]
[Site "Reykjavik ISL"]
[Date "2015.11.14"]
[EventDate "2015.11.13"]
[Round "2.9"]
[Result "0-1"]
[White "Viorel Iordachescu"]
[Black "Grzegorz Gajewski"]
[WhiteElo "2581"]
[BlackElo "2647"]
[PlyCount "134"]

1. d4 Nf6 2. c4 e6 3. Nc3 Bb4 4. e3 O-O 5. Bd3 d5 6. Nf3 b6
7. O-O Ba6 8. cxd5 exd5 9. Bxa6 Nxa6 10. Ne2 Bd6 11. b3 Nb8
12. Bb2 Nbd7 13. Ng3 Re8 14. Rc1 Ne4 15. Rc2 Nxg3 16. hxg3 Rc8
17. Qc1 Qe7 18. Rd1 Nf6 19. Ne5 Ne4 20. Nc6 Qg5 21. Ba3 Bxa3
22. Qxa3 Re6 23. Rdc1 Rce8 24. Ne5 Rh6 25. Rc6 f6 26. Nf7 Kxf7
27. Rxc7+ Kg8 28. Qa4 Qh5 29. Qxe8+ Qxe8 30. Rc8 Nd6 31. Rxe8+
Nxe8 32. Rc8 Kf8 33. Rd8 Ke7 34. Ra8 Nc7 35. Rxa7 Kd7 36. Rb7
f5 37. Rb8 Rf6 38. a4 g6 39. Rh8 h5 40. b4 b5 41. Rh7+ Kc6
42. axb5+ Nxb5 43. Re7 Nc7 44. Kf1 Re6 45. Rg7 Na6 46. Ke2
Nxb4 47. Kf3 Kd6 48. Rb7 Nc6 49. Kf4 Re7 50. Rb1 Ra7 51. Rb2
Ke6 52. Rb6 Kd7 53. Rb2 Ra6 54. Kg5 Nd8 55. Kh6 Nf7+ 56. Kg7
Nd6 57. Rc2 Nc4 58. Kh6 Ke7 59. f3 Nxe3 60. Rc7+ Kf6 61. Rg7
Re6 62. Rxg6+ Kf7 63. Rxe6 Kxe6 64. Kxh5 Nxg2 65. g4 fxg4
66. fxg4 Ne3 67. g5 Nf5 0-1

[Event "European Team Championship"]
[Site "Reykjavik ISL"]
[Date "2015.11.14"]
[EventDate "2015.11.13"]
[Round "2.9"]
[Result "1-0"]
[White "Mateusz Bartel"]
[Black "Valerii Iovcov"]
[WhiteElo "2624"]
[BlackElo "2421"]
[PlyCount "119"]

1. e4 e5 2. Nf3 Nc6 3. Bb5 a6 4. Ba4 Nf6 5. O-O Be7 6. Re1 b5
7. Bb3 d6 8. c3 O-O 9. d4 Bg4 10. Be3 Bh5 11. a4 b4 12. d5 Na5
13. Bc2 b3 14. Bd3 c5 15. dxc6 Qc7 16. Nbd2 Qxc6 17. Bg5 Rfb8
18. Bxf6 Bxf3 19. Qxf3 Bxf6 20. Qe2 Bg5 21. Nc4 Nb7 22. Red1
Nc5 23. Bb1 Be7 24. a5 Ra7 25. Ne3 Rb5 26. Bd3 Nxd3 27. Qxd3
Qc5 28. Ra4 Qc6 29. Rc4 Rc5 30. Rxc5 Qxc5 31. Qd5 Qxd5
32. Rxd5 Rc7 33. Kf1 Kf8 34. Ke2 Rc6 35. Kd3 Bg5 36. Nf5 Be7
37. c4 g6 38. Nxe7 Kxe7 39. Kc3 f5 40. f3 fxe4 41. fxe4 Rc8
42. Kxb3 Rf8 43. Kc3 Rf4 44. b4 Rxe4 45. b5 axb5 46. Rxb5 Re1
47. Rb7+ Ke6 48. Rxh7 Ra1 49. Ra7 e4 50. Kd4 Ra4 51. a6 e3
52. Kxe3 Rxc4 53. Ra8 Kd5 54. a7 Rc7 55. h4 Kc5 56. g4 d5
57. Kd3 d4 58. g5 Kb6 59. Kxd4 Rh7 60. Ke5 1-0

[Event "European Team Championship"]
[Site "Reykjavik ISL"]
[Date "2015.11.14"]
[EventDate "2015.11.13"]
[Round "2.10"]
[Result "1/2-1/2"]
[White "Davit Shengelia"]
[Black "Milos Perunovic"]
[WhiteElo "2579"]
[BlackElo "2624"]
[PlyCount "99"]

1. d4 Nf6 2. Nf3 e6 3. c4 c5 4. d5 d6 5. Nc3 exd5 6. cxd5 g6
7. g3 Bg7 8. Bg2 O-O 9. O-O Re8 10. Bf4 a6 11. a4 Qc7 12. Rc1
Nbd7 13. b4 Nh5 14. Bd2 Qb6 15. bxc5 Nxc5 16. Rb1 Qc7 17. Rb4
Bd7 18. Nd4 Rac8 19. Qb1 Qd8 20. Rc1 Rc7 21. a5 Qc8 22. Rc4
Bh3 23. Bf3 Nf6 24. Bf4 Qd8 25. Na4 Ng4 26. Nxc5 Rxc5 27. Rxc5
dxc5 28. Nb3 g5 29. Bd2 c4 30. Rxc4 Ne5 31. Rc5 Nxf3+ 32. exf3
b6 33. axb6 Qxb6 34. Be3 Qb4 35. Nd2 Qa3 36. Ne4 h6 37. g4 a5
38. d6 Rd8 39. Qc1 Qd3 40. Rc8 Rxc8 41. Qxc8+ Bf8 42. Qc1 Bxd6
43. Nxd6 Qxd6 44. Qc8+ Kg7 45. Qc3+ f6 46. Qd4 Qb8 47. Qd7+
Kh8 48. Bb6 Qxb6 49. Qe8+ Kg7 50. Qe7+ 1/2-1/2

[Event "European Team Championship"]
[Site "Reykjavik ISL"]
[Date "2015.11.14"]
[EventDate "2015.11.13"]
[Round "2.10"]
[Result "1-0"]
[White "Robert Markus"]
[Black "Mario Schachinger"]
[WhiteElo "2632"]
[BlackElo "2451"]
[PlyCount "129"]

1. d4 d5 2. c4 e6 3. Nc3 c6 4. e3 Nf6 5. Bd2 Bd6 6. c5 Bc7
7. f4 b6 8. b4 O-O 9. Nf3 a5 10. a3 Ba6 11. Bxa6 Nxa6 12. Ne2
Ne4 13. O-O f6 14. Qc2 b5 15. Ng3 Nxg3 16. hxg3 a4 17. g4 Qe8
18. Nh4 Rd8 19. Rae1 Qd7 20. Nf3 Nb8 21. e4 dxe4 22. Rxe4 f5
23. gxf5 exf5 24. Qa2+ Qd5 25. Qxd5+ Rxd5 26. Re7 Bd8 27. Rb7
Bf6 28. Re1 Rd7 29. Rxd7 Nxd7 30. Re6 Nb8 31. d5 cxd5 32. Rb6
Rc8 33. Rxb5 Nc6 34. Rb6 Bb2 35. Ra6 Bxa3 36. Rxa4 Bb2 37. b5
Nd8 38. c6 Nxc6 39. bxc6 Rxc6 40. Ra8+ Kf7 41. Rd8 Rc5 42. Be3
Rc3 43. Kf2 Rc2+ 44. Kf1 Rc3 45. Ke2 Rc2+ 46. Bd2 Rc5 47. Ng5+
Kg6 48. Rd6+ Bf6 49. Ne6 Rc8 50. Kf3 Kf7 51. Ng5+ Bxg5
52. fxg5 Rc5 53. Be3 Ra5 54. Kf4 Ra4+ 55. Kf3 Ra5 56. Bd4 Ra4
57. Rxd5 Ke6 58. Re5+ Kd6 59. Bc3 Rc4 60. Re3 f4 61. Rd3+ Ke6
62. Bxg7 Kf5 63. Rd5+ Kg6 64. Bd4 Rc2 65. Bc5 1-0

[Event "European Team Championship"]
[Site "Reykjavik ISL"]
[Date "2015.11.14"]
[EventDate "2015.11.13"]
[Round "2.11"]
[Result "1/2-1/2"]
[White "Tomas Laurusas"]
[Black "Aryan Tari"]
[WhiteElo "2435"]
[BlackElo "2532"]
[PlyCount "140"]

1. d4 d5 2. c4 e6 3. Nf3 a6 4. cxd5 exd5 5. Nc3 c6 6. Qc2 Bd6
7. Bg5 Ne7 8. e4 dxe4 9. Nxe4 h6 10. Bh4 Bf5 11. O-O-O O-O
12. Ne5 Qc7 13. g4 Bxe5 14. gxf5 Bf4+ 15. Kb1 Nd5 16. Rg1 Nd7
17. Bc4 Kh8 18. Rg2 f6 19. Rdg1 Rf7 20. Qb3 Re8 21. f3 Bxh2
22. Rh1 Bf4 23. Bxd5 cxd5 24. Qxd5 Rc8 25. a3 Qc4 26. Qe6 Nf8
27. Qxc4 Rxc4 28. Rg4 Bb8 29. Nc5 Re7 30. Re1 Bd6 31. b3 Rc3
32. Ne4 Rxb3+ 33. Kc2 Rb6 34. Nxd6 Rxe1 35. Nf7+ Kg8 36. Nxh6+
Kh7 37. Bxe1 Kxh6 38. Kd3 Rb3+ 39. Ke4 Kh7 40. Bb4 Kg8 41. Rg1
a5 42. Bd6 Rb6 43. Bc5 Rb3 44. Rc1 g6 45. Bd6 gxf5+ 46. Kxf5
Rb6 47. Bf4 Ne6 48. Be3 Kf7 49. d5 Rb5 50. Ke4 Ng5+ 51. Bxg5
fxg5 52. Ke5 Rb3 53. Rc7+ Ke8 54. a4 Rxf3 55. Rxb7 g4 56. Rg7
g3 57. Kd6 Ra3 58. Rg8+ Kf7 59. Rg4 Kf6 60. Rg8 Kf5 61. Kc7
Kf4 62. d6 Rxa4 63. d7 Rd4 64. Rf8+ Ke3 65. Rg8 Kf2 66. Rf8+
Kg1 67. Ra8 g2 68. Rxa5 Kh2 69. Rh5+ Kg3 70. Rg5+ Kf2 1/2-1/2